000 00577nam a2200193Ia 4500
003 IN-BaIIA
008 211028s9999 xx 000 0 eng d
040 _cIIA Library
080 _a523.64
_bBRE
100 _aBredichin, T. H.
_9754
245 0 _aHistoire de l'hypothese des ondes cosmiques, composee pour l'explication des formes cometaires (in French)
_cT. H. Bredichin
260 _aParis
_c1883
300 _a60p.
650 _aAstronomy and Astrophysics Thesaurus
650 _aComets
_9755
650 _aPlanetary system
_9756
650 _aSolar system
942 _cBK
999 _c353
_d353